Emmy Nominated Series 2015 Quiz Stats

 Plays Quiz Updated Jul 24, 2015

Challenge
Share
Tweet
Score 0/14 Timer 05:00
5 Plays Today
% Correct
Modern Family
98%
Game of Thrones
97.2%
Orange Is the New Black
93.7%
Parks and Recreation
91.7%
Mad Men
89.3%
Downton Abbey
87.5%
House of Cards
84.4%
% Correct
Veep
79.6%
Better Call Saul
70%
Homeland
69.2%
Louie
65.3%
Unbreakable Kimmy Schmidt
51.5%
Silicon Valley
46.4%
Transparent
40.9%

You're not logged in!

Compare scores with friends on all Sporcle quizzes.
Join for Free
OR
Log In

You Might Also Like...

Show Comments

Extras

Top Quizzes Today


Score Distribution

Your Account Isn't Verified!

In order to create a playlist on Sporcle, you need to verify the email address you used during registration. Go to your Sporcle Settings to finish the process.

Report this User

Report this user for behavior that violates our Community Guidelines.

Details: